00369nam a2200145Ia 45000030006000000080041000060400015000471000023000622450042000852500006001272600053001333000006001865460014001920050017002060STCL150530s9999 xx 000 0 und d aSTCLcSTCL aPrayar Prabhakaran aBharatheeya Sahitya Sastra Patanangal a1 bKerala Sahitya Academi; Thrissurc1999aThrissur a0 aMalayalam20220125171726.0